| 000 | 01697nam0a2200361 4500 | ||
|---|---|---|---|
| 001 | RU\NLR\BIBL_A\011699688 | ||
| 005 | 20180528170336.0 | ||
| 010 |
_a978-5-4465-1769-5 _9100 |
||
| 021 |
_aRU _bКН-П-18-026696 _9КН-П-18-1943 |
||
| 035 | _a(NLR Aleph) 011699688 | ||
| 090 |
_a11382510 _c11382510 |
||
| 100 | _a20180515d2018 u y0rusy50 ca | ||
| 101 | 0 |
_arus _deng |
|
| 102 | _aRU | ||
| 105 | _aa z ||000z | ||
| 200 | 1 |
_aРазные мысли, в разное время _dDifferent thoughts of different times _e[статьи и заметки] _fВладилен Красильников _zeng |
|
| 205 |
_aВторое изд. с доп. проектов и ст. разных лет _b[2-е изд., с доп.] |
||
| 210 |
_aМосква _c[б. и.] _d2018 |
||
| 215 |
_a331 с. _cил., портр., цв. портр. _d25 |
||
| 300 | _aАвт. также на англ. яз.: V. Krasilnikov | ||
| 300 | _aРез. англ. | ||
| 320 | _aСписок трудов авт.: с. 328-329 | ||
| 510 | 1 |
_6z20790 _aDifferent thoughts of different times _zeng |
|
| 600 | 1 |
_aКрасильников _bВ.Д. _gВладилен Дмитриевич _f1932 _2nlr_sh2 _3RU\NLR\AUTH\661353064 |
|
| 686 |
_aН0(2Р=Р)7-8Красильников В.Д.1я44 _2rubbk |
||
| 686 | 1 | _aЩ113(2)7-8Красильников | |
| 700 | 1 |
_aКрасильников _bВ. Д. _cархитектор _f1932- _gВладилен Дмитриевич _3RU\NLR\AUTH\770129119 |
|
| 790 | 1 |
_6z20510 _aKrasil'nikov _bV. D. _cархитектор _f1932- _gVladilen Dmitrievič _3RU\NLR\AUTH\770129118 |
|
| 942 | _cBOOK | ||
| 980 | _aNBR | ||
| 980 | _aNB | ||